000 01360nam a2200157 4500
999 _c507300
_d507300
008 190208b ||||| |||| 00| 0 eng d
100 _aAcharya, Keshav K.
_91504
245 _aThe capacity of local governments in Nepal:
_bfrom government to governance and governability?
260 _c2018
300 _ap.186-197.
520 _aLocal governments are units of government closest to the grassroots, with responsibility not only for institutionalising local governance by creating an enabling environment to promote democratic values and public participation in decision-making, but also for accelerating social and economic development in order to enhance the quality and prosperity of community life. These fundamental aspects of their responsibility constitute core goals in most governmental systems. In Nepal, however, as in many other countries, the goals are only partially pursued and met, despite relevant institutional arrangements having been put in place. Accordingly, as highlighted in the discussion, there is much still to be done to ensure local governments have the requisite capacity to design and deliver services and infrastructure of immediate local significance. - Reproduced.
650 _aGovernance-Nepal
_91505
773 _aAsia Pacific Journal of Public Administration
906 _aLocal government - Nepal
942 _2ddc
_cAR